Fancy Vocabulary Quiz #9 - Statistics

General Stats
  • This quiz has been taken 86 times
  • The average score is 4 of 10
Answer Stats
Hint Answer % Correct
A machine that uses an electric shock to restore a heart's rhythm De{fibrillator}
87%
The support about which a lever turns Fu{lcrum}
66%
To make drunk, a person who is drunk, or someone affected by alcohol In{ebriate}
63%
Someone who dislikes talking Ta{citurn}
54%
A temporary stay, or to stay temporarily So{journ}
52%
To assume or claim as true, or something that is assumed or claimed as true Po{stulate}
35%
Something hard to accomplish or achieve Ar{duous}
34%
To cause to start burning Co{nflagrate}
23%
Something suitable to someone who lacks intelligence, sensitivity, or compassion, or something very harsh, severe, cruel, or unpleasantly accurate B{rutal}
21%
To say or plead in protest, reproof, or opposition Re{monstrate}
14%
No matching quizzes found
Score Distribution
Percent of People with Each Score
Percentile by Number Answered
Your Score History
You have not taken this quiz